000 00204nam a2200097Ia 4500
008 190216s9999||||xx |||||||||||||| ||und||
100 _aVasu E
245 0 _aOduvil Kittiyath
260 _bNull
942 _cBK
999 _c23688
_d23688